Get the Picture: The Princess Bride Quiz Stats

 Plays Quiz Updated Feb 28, 2019

Score 0/15 Timer 03:00
0 Plays Today
Question Answer Wrong Answers
Is from Spain Inigo Montoya
90.4%
Westley
1.7%
Buttercup
1.2%
Prince Humperdinck
3.4%
Seeks to avenge father's murder Inigo Montoya
88.9%
Westley
3.7%
Buttercup
3.4%
Prince Humperdinck
1%
Is declared 'mostly dead' at one point Westley
85.9%
Buttercup
2.9%
Prince Humperdinck
2.7%
Inigo Montoya
5.5%
Defeats an R.O.U.S. (Rodent of Unusual Size) Westley
85.5%
Buttercup
2.5%
Prince Humperdinck
1.8%
Inigo Montoya
7%
Jumps from the castle window into Fezzik's arms Buttercup
84.6%
Westley
6.6%
Prince Humperdinck
0.9%
Inigo Montoya
4.9%
Is hooked up to Count Rugen's 'machine' Westley
83.9%
Buttercup
5.3%
Prince Humperdinck
3.2%
Inigo Montoya
4.4%
First conspirer to start a war with Guilder Prince Humperdinck
83.9%
Westley
4.8%
Buttercup
2.1%
Inigo Montoya
6.3%
Hires Vizzini to perform a kidnapping Prince Humperdinck
82.5%
Westley
4.2%
Buttercup
2.8%
Inigo Montoya
7.5%
Nearly commits suicide with a dagger Buttercup
76.3%
Westley
7.3%
Prince Humperdinck
5.8%
Inigo Montoya
7.4%
Poisons and kills Vizzini Westley
75.7%
Buttercup
3.1%
Prince Humperdinck
9.3%
Inigo Montoya
9%
Brings a patient to Miracle Max Inigo Montoya
75.4%
Westley
10.3%
Buttercup
7.2%
Prince Humperdinck
4%
Kills Count Rugen Inigo Montoya
71.5%
Westley
17.2%
Buttercup
2.3%
Prince Humperdinck
5.9%
Is nearly attacked by a shrieking eel Buttercup
68.1%
Westley
21.6%
Prince Humperdinck
2.3%
Inigo Montoya
4.9%
Is the child of the King & Queen of Florin Prince Humperdinck
54%
Westley
5.4%
Buttercup
36.2%
Inigo Montoya
1.4%
Is said to be able to track a falcon on a cloudy day Prince Humperdinck
48%
Westley
26.3%
Buttercup
2.3%
Inigo Montoya
20.3%

Today's Daily Dose

Missing Word
1940s A-Z

Quick Pick
'S' Athletes

Get the Picture
Depp or Bonham Carter

You're not logged in!

Compare scores with friends on all Sporcle quizzes.
OR
Log In

Sporcle TV

Today on Sporcle TV


Watch our educational content, quiz creation guides, and fun videos on Sporcle TV.

Show Comments

Extras

Top Quizzes Today


Score Distribution

Your Account Isn't Verified!

In order to create a playlist on Sporcle, you need to verify the email address you used during registration. Go to your Sporcle Settings to finish the process.

Report this User

Report this user for behavior that violates our Community Guidelines.

Details: